| 000 | 00465nam a22001457a 4500 | ||
|---|---|---|---|
| 022 | _a070942838 | ||
| 082 |
_a621.381 _bMOR _cL-11, P-111 |
||
| 100 |
_aMorris, N.M _941583 |
||
| 245 |
_aSolved Problems in industrial electronics a self tutor for students / _cN.M Morris |
||
| 260 |
_aUnited Kindom : _bMcGraw Hill Book company (UK) Limited, _cc1972. |
||
| 300 | _axi, 193 p. : | ||
| 526 |
_a0 _b0 _c0 _d621_381000000000000_MOR |
||
| 650 |
_aMCE _9379 |
||
| 942 |
_2ddc _cBK |
||
| 999 |
_c545650 _d545650 |
||